Statystyki dla Miasta z największymi gospodarkami

Kliknij tutaj aby rozwiązać quiz!

Ogólne statystyki

  • Ten quiz został rozwiązany 7 353 razy
    (3 170 od ostatniego zresetowania)
  • Średni wynik to 21 z 43

Statystyki odpowiedzi

PKBAglomeracja% Poprawnych
$1874 mldNowy Jork
94%
$1037 mldParyż
91%
$2206 mldTokio
91%
$1064 mldLondyn
90%
$1005 mldMoskwa
90%
$951 mldPekin
89%
$1134 mldLos Angeles
83%
$377 mldMadryt
80%
$579 mldWaszyngton
70%
$547 mldMeksyk
66%
$1546 mldSzanghaj / Suzhou
66%
$715 mldChicago
63%
$1125 mldSeul
63%
$859 mldStambuł
60%
$953 mldSan Francisco / San Jose
57%
$389 mldMiami
54%
$595 mldDelhi
53%
$600 mldSingapur
52%
$382 mldBuenos Aires
51%
$472 mldHongkong
50%
$475 mldToronto
49%
$584 mldSao Paulo
46%
$842 mldDżakarta
44%
$406 mldMediolan
44%
$897 mldOsaka
43%
$513 mldBoston
41%
$560 mldBangkok
40%
$1369 mldKanton / Shenzhen
37%
$607 mldMumbaj
36%
$410 mldWuhan
35%
$524 mldDallas
34%
$489 mldHouston
34%
$586 mldTajpej
32%
$444 mldSeattle
29%
$456 mldFiladelfia
27%
$432 mldAtlanta
22%
$406 mldDhaka
22%
$404 mldNagoja
14%
$363 mldNankin
11%
$371 mldTiencin
11%
$486 mldChengdu
10%
$658 mldChongqing
10%
$397 mldHangzhou
6%

Rozkład punktacji

Percentyl według liczby udzielonych odpowiedzi

Procent ludzi z każdym wynikiem

Twoja historia wyników

Nie rozwiązałeś tego quizu od ostatniego zresetowania